000 00920cab a2200277 4500
001 WB3107-12
008 090401t1995 xxu||||| |||| 00| 0 eng d
035 _a(Sirsi) u3216
041 _aeng
245 _aCity offices fail to draw finance sector
260 _c1995
350 _a0
490 _aFinancial Times
_v13 February 1995, 7(1)
520 _aJLW point out in a survey for the Corporation of London that the City faces increasing competition in attracting financial services companies.
650 _aCITY OF LONDON
650 _aCORPORATION OF LONDON
650 _aFINANCIAL CENTRES
650 _aFINANCIAL SECTOR
650 _aJONES LANG WOOTTON
650 _aPROPERTY-COMMERCIAL PROPERTY-OFFICE PROPERTY-OFFICE PROPERTY MARKET
650 _aOFFICES
650 _aOVER-SPECIFICATION
690 _aPROPERTY-COMMERCIAL PROPERTY-COMMERCIAL PROPERTY MARKET
942 _n0
948 _c04/03/1997
999 _c1964
_d1964